Sabrina Carpenter - Chansons commençant par W - Statistiques

Statistiques générales
  • Ce quiz a été pris 6 fois
  • Le résultat moyen est 2 sur 6
Statistiques - réponses
Hint Réponse % Correct
W When Did You Get Hot?
80%
W Why
60%
W We Almost Broke Up Again Last Night
40%
W White Flag
20%
W We'll Be The Stars
0%
W white xmas
0%
Aucun quiz correspondant
Distribution des résultats
% des personnes avec chaque résultat
Percentile par nombre de réponses
Votre historique - résultats
Vous n’avez pas pris ce quiz